00205nam a2200085Ia 4500008004100000100001600041245003700057260001600094260000900110170524s9999 xx 000 0 und d aSingh- S.N. 2aA Text Book of Power Electronics bDhanpat Rai c2010